LEADER 01222nam0 22003371i 450 001 VAN00043120 005 20260218123958.243 100 $a20060330d1964 |0itac50 ba 101 $aita 102 $aIT 105 $a|||| ||||| 181 $ai$b e 182 $an 183 $anc 200 1 $aˆIl ‰negozio fiduciario$fNicolò Lipari 210 $aMilano$cA. Giuffrè$d1964 215 $a465 p.$d25 cm 316 $aFondo Raffaele Papa$5IT-IT-CE0105 CONSXV.Eb.113 606 $aFiducia$3VANC016955$2FI 620 $dMilano$3VANL000284 676 $a347$v21 700 1$aLipari$bNicolò$3VANV000195$0382529 712 $aGiuffrè $3VANV109181$4650 790 1$aLipari, Nicolo$zLipari, Nicolò$3VANV011853 801 $aIT$bSOL$c20260220$gRICA 856 4 $u/sebina/repository/catalogazione/documenti/fp 28705 _indice_.pdf$zfp 28705 _indice_.pdf 899 $aBIBLIOTECA DEL DIPARTIMENTO DI GIURISPRUDENZA$1IT-CE0105$2VAN00 912 $aVAN00043120 950 $aBIBLIOTECA DEL DIPARTIMENTO DI GIURISPRUDENZA$d00CONS XV.Eb.113 $e00FP 28705 20061023 Fondo Raffaele Papa 996 $aNegozio fiduciario$9677260 997 $aUNICAMPANIA